00351nam a2200133Ia 4500008004100000100002200041245005500063250000600118260005000124300000800174650001300182942000700195999001500202190216s9999||||xx |||||||||||||| ||und|| aProf. K.K .asokan 0aFunds Manegement In Banks And Insurance Companies ai bCalicut University Central Co-Operativec2006 a318 aCommerce cBK c8152d8152